000 00775nam a22002177a 4500
999 _c20020
_d20020
003 AR-CdUCM
008 190524b ||||| |||| 00| 0 spa d
040 _aMUNICIPALIDAD PROVINCIAL DEL CUSCO
_cBIBLIOTECA MUNICIPAL DEL CUSCO
082 _a330.985
_bR74
_22ed.
100 _aRoel Pineda, Virgilio
_9258
245 _aEsquema de la evolución económica /
260 _aLima :
_bAmauta,
_c1976
300 _a168 páginas
_c26 cm.
440 _aPresencia y proyecciones de los 7 ensayos /
_941874
505 _aContenido: La economía colonial -- las bases económicas de la república -- El periodo del guano y del salitre...
650 _aEconomía
_9382
650 _aPerú
_935
650 _aProducción agropecuaria
_941875
942 _2ddc
_cLIBROS
945 _aJavier